|
|
|
|
| LEADER |
00000naa2a2200000 4500 |
| 001 |
99999 |
| 005 |
20231101214303.0 |
| 035 |
|
|
|a (RuTPU)RU\TPU\book\107562
|
| 090 |
|
|
|a 99999
|
| 100 |
|
|
|a 20060808d2002 k y0rusy50 ca
|
| 101 |
0 |
|
|a rus
|
| 102 |
|
|
|a RU
|
| 200 |
1 |
|
|a Расчёт параметров механизма импульсной подачи сварочной проволоки
|f А. В. Крюков, О. Г. Брунов, В. Т. Федько
|
| 463 |
|
0 |
|0 (RuTPU)RU\TPU\book\68544
|t Прогрессивные технологии и экономика в машиностроении
|o труды региональной научно-практической конференции, Юрга, 25-26 апреля 2002 г.
|f Томский политехнический университет; Филиал ТПУ в Юрге; отв. ред. Б. Г. Долгун
|v С. 37-38
|d 2002
|p 208 с.
|
| 610 |
1 |
|
|a сварочная проволока
|
| 610 |
1 |
|
|a импульсная подача
|
| 610 |
1 |
|
|a толкающие механизмы
|
| 610 |
1 |
|
|a труды учёных ТПУ
|
| 700 |
|
1 |
|a Крюков
|b А. В.
|c российский учёный в области сварки
|c старший преподаватель Юргинского технологического института (филиал) Томского политехнического университета
|g Артём Викторович
|2 stltpush
|3 (RuTPU)RU\TPU\pers\24492
|
| 701 |
|
1 |
|a Брунов
|b О. Г.
|c доцент, кандидат технических наук
|c Юргинский технологический институт (филиал) Томского политехнического университета
|g Олег Геннадьевич
|2 stltpush
|3 (RuTPU)RU\TPU\pers\24203
|9 10701
|
| 701 |
|
1 |
|a Федько
|b В. Т.
|c профессор Томского политехнического университета
|c директор Юргинского технологического института ТПУ
|c Заслуженный изобретатель РФ
|f 1937-
|g Валериан Тимофеевич
|2 stltpush
|3 (RuTPU)RU\TPU\pers\22018
|9 9315
|
| 801 |
|
1 |
|a RU
|b 63413507
|c 20060808
|g PSBO
|
| 801 |
|
2 |
|a RU
|b 63413507
|c 20151103
|g RCR
|
| 942 |
|
|
|c BK
|